000
00269nam a22001097a 4500
008
160613b xxu||||| |||| 00| 0 eng d
020
_a
0803614519
041
_a
eng
080
_a
618.2
245
_a
Psychiatric mental health nursing:
_c
Mary C. Townsend;
942
_2
udc
_c
BK
999
_c
2469
_d
2469